| 000 | 00497nam a2200169 a 4500 | ||
|---|---|---|---|
| 001 | 1224 | ||
| 003 | CDMR | ||
| 005 | 20130320094945.0 | ||
| 008 | 130130s1997||||||||||||||||||||||||||||d | ||
| 020 | _a8489727376 | ||
| 040 |
_aCDMR _bcat _cCPC LLEIDA |
||
| 100 | 1 |
_aGarcía, Francisco _9956 |
|
| 245 | 1 | 0 |
_aEstimació de les macromagnituds agràries de les comarques de Catalunya, 1993 _cFrancisco García |
| 260 |
_aLleida _c1997 _bUniversitat de Lleida |
||
| 490 | 0 |
_aEspai/Temps _v32 |
|
| 942 |
_cMON _2udc |
||
| 999 |
_c1224 _d1224 |
||